| 000 | 00638cam a22002291 4500 | ||
|---|---|---|---|
| 001 | sa 65003991 | ||
| 003 | DLC | ||
| 005 | 20260227112127.0 | ||
| 008 | 890619s1960 io 000 0 ind | ||
| 010 | _asa 65003991 | ||
| 035 | _a(OCoLC)23545813 | ||
| 040 |
_aDLC _cMiU _dDLC |
||
| 042 | _apremarc | ||
| 043 | _ae-ur--- | ||
| 050 | 0 | 0 |
_aDK265.L4 _bU716 |
| 100 | 1 |
_aLenin, Vladimir Ilʹich, _d1870-1924. |
|
| 240 | 0 | 0 |
_aUroki revoli͡ut͡sii. _lIndonesian. |
| 245 | 1 | 0 | _aPeladjaran dari revolusi |
| 260 |
_aDjakarta, _bJajasan Pembaruan, _c1960. |
||
| 300 |
_a16 p. _c14 cm. |
||
| 651 | 0 |
_aSoviet Union _xHistory _yRevolution, 1917-1921 |
|
| 999 |
_c63479 _d63479 |
||